| 000 | 00478cam a22001577a 4500 | ||
|---|---|---|---|
| 008 | 180718b2001 xxu||||| |||| 00| 0 eng d | ||
| 020 | _a8190122908 | ||
| 082 | _aG22x54 P192 | ||
| 100 | _aPandey, Saurabh | ||
| 245 |
_aAccountable Lok Sabha: the core of democratic governance _cby Saurabh Pandey |
||
| 260 |
_aDelhi _bNirmal Law Forum _c2001 |
||
| 300 | _a139p. | ||
| 650 | _aConstitutional law --India | ||
| 650 | _aDemocracy --India | ||
| 650 | _aIndia. Parliament. Lok Sabha | ||
| 999 |
_c398273 _d398273 |
||